|
|
|
|
| LEADER |
00000caa a22000002c 4500 |
| 001 |
1641371005 |
| 003 |
DE-627 |
| 005 |
20220608133837.0 |
| 007 |
tu |
| 008 |
141126s1968 xx ||||| 00| ||ger c |
| 035 |
|
|
|a (DE-627)1641371005
|
| 035 |
|
|
|a (DE-576)419998101
|
| 035 |
|
|
|a (DE-599)BSZ419998101
|
| 040 |
|
|
|a DE-627
|b ger
|c DE-627
|e rakwb
|
| 041 |
|
|
|a ger
|
| 100 |
1 |
|
|a Huber, Gerd
|d 1921-2012
|0 (DE-588)118554034
|0 (DE-627)079351549
|0 (DE-576)208964177
|4 aut
|
| 109 |
|
|
|a Huber, Gerd 1921-2012
|a Huber-Zerbin-Rüdin, ... 1921-2012
|a Huber-Gross-Schüttler, ... 1921-2012
|a Huber-Gross, ... 1921-2012
|
| 245 |
1 |
4 |
|a Das Problem der Schuldfähigkeit in der Sicht der psychiatrischen Sachverständigen
|c G. Huber
|
| 264 |
|
1 |
|c 1968
|
| 336 |
|
|
|a Text
|b txt
|2 rdacontent
|
| 337 |
|
|
|a ohne Hilfsmittel zu benutzen
|b n
|2 rdamedia
|
| 338 |
|
|
|a Band
|b nc
|2 rdacarrier
|
| 773 |
0 |
8 |
|i In
|t Fortschritte der Neurologie, Psychiatrie und ihrer Grenzgebiete
|d Stuttgart : Thieme, 1929
|g 34(1968), 8, Seite 454-473
|w (DE-627)129301922
|w (DE-600)123301-4
|w (DE-576)014495244
|x 0015-8194
|7 nnas
|
| 773 |
1 |
8 |
|g volume:34
|g year:1968
|g number:8
|g pages:454-473
|
| 951 |
|
|
|a AR
|
| ELC |
|
|
|b 1
|
| LOK |
|
|
|0 000 xxxxxcx a22 zn 4500
|
| LOK |
|
|
|0 001 3304177442
|
| LOK |
|
|
|0 003 DE-627
|
| LOK |
|
|
|0 004 1641371005
|
| LOK |
|
|
|0 005 20150212141504
|
| LOK |
|
|
|0 008 141126||||||||||||||||ger|||||||
|
| LOK |
|
|
|0 040
|a DE-21-110
|c DE-627
|d DE-21-110
|
| LOK |
|
|
|0 689
|a s
|a Schuldfähigkeit
|
| LOK |
|
|
|0 689
|a s
|a Psychiatrischer Sachverständiger
|
| LOK |
|
|
|0 852
|z Kein Bestand am IfK; Nachweis für KrimDok
|
| LOK |
|
|
|0 852
|a DE-21-110
|
| LOK |
|
|
|0 852 1
|m v
|9 00
|
| LOK |
|
|
|0 935
|a k110
|
| LOK |
|
|
|0 938
|k v
|
| LOK |
|
|
|0 939
|a 26-11-14
|b l01
|
| ORI |
|
|
|a SA-MARC-krimdoka001.raw
|